[Event "Titled Tuesday intern op 20th May Late"]
[Site "Chess.com INT"]
[Date "2025.05.20"]
[Round "11"]
[White "Mata Gonzalez, Jose Fernando"]
[Black "Bratovic, Blaz"]
[Result "1/2-1/2"]
[WhiteElo "2164"]
[BlackElo "2319"]
[PlyCount "100"]
[EventDate "2025.05.20"]
[EventType "swiss (blitz)"]
[EventRounds "11"]
[EventCountry "USA"]
[SourceTitle "CB22_2025"]
[SourceDate "2025.05.28"]
[SourceVersion "1"]
[SourceVersionDate "2025.05.28"]
[SourceQuality "1"]

1. e4 c5 2. Nf3 d6 3. d4 cxd4 4. Nxd4 Nf6 5. Nc3 a6 6. Be3 e5 7. Nf3 Be7 8. Bc4 0-0 9. a4 Nbd7 10. a5 Qc7 11. Bb3 Nc5 12. Nd5 Nxd5 13. Bxd5 Be6 14. 0-0 Bxd5 15. Qxd5 Ne6 16. c3 Rac8 17. Bb6 Qc6 18. Rad1 Nf4 19. Qxc6 Rxc6 20. g3 Ne6 21. Rd5 Bd8 22. Bxd8 Rxd8 23. Rfd1 Rc5 24. Rxd6 Rxd6 25. Rxd6 Rxa5 26. Rb6 Rb5 27. Rxb5 axb5 28. Nxe5 Nc5 29. f3 f6 30. Ng4 Na4 31. Ne3 Nxb2 32. Nd5 Kf7 33. Kf2 Ke6 34. Nc7+ Kd7 35. Nxb5 Kc6 36. Nd4+ Kd6 37. Ke3 Nc4+ 38. Kd3 Ne5+ 39. Ke3 g6 40. h3 h5 41. f4 Nc4+ 42. Kd3 Nb6 43. c4 Nd7 44. Nb3 b6 45. Kd4 g5 46. fxg5 fxg5 47. g4 hxg4 48. hxg4 Ne5 49. c5+ bxc5+ 50. Nxc5 Nxg4 1/2-1/2

[Event "Titled Tuesday intern op 20th May Late"]
[Site "Chess.com INT"]
[Date "2025.05.20"]
[Round "5"]
[White "Przybylski, Bartosz1"]
[Black "Mata Gonzalez, Jose Fernando"]
[Result "1-0"]
[WhiteElo "2107"]
[BlackElo "2164"]
[PlyCount "65"]
[EventDate "2025.05.20"]
[EventType "swiss (blitz)"]
[EventRounds "11"]
[EventCountry "USA"]
[SourceTitle "CB22_2025"]
[SourceDate "2025.05.28"]
[SourceVersion "1"]
[SourceVersionDate "2025.05.28"]
[SourceQuality "1"]

1. e4 c5 2. Nf3 d6 3. d4 cxd4 4. Nxd4 Nf6 5. Nc3 a6 6. Bg5 Nbd7 7. Bc4 e5 8. Nf5 Nb6 9. Bd3 Bxf5 10. exf5 d5 11. Qe2 e4 12. f3 Bb4 13. fxe4 Bxc3+ 14. bxc3 dxe4 15. Bxf6 Qxf6 16. Qxe4+ Kf8 17. 0-0 Rb8 18. Rae1 h5 19. c4 Kg8 20. c5 Nd7 21. Qd5 Qc6 22. Qxc6 bxc6 23. Re7 Nxc5 24. Bc4 Kh7 25. Rxf7 Rb4 26. Be2 Kh6 27. f6 g6 28. Rc7 Rf8 29. Rxc6 Ne4 30. Bd3 Ng5 31. f7 Nxf7 32. Rxg6+ Kh7 33. Rb6+ 1-0

[Event "Titled Tuesday intern op 06th May Early"]
[Site "Chess.com INT"]
[Date "2025.05.06"]
[Round "2"]
[White "Gogolev, Artem"]
[Black "Mata Gonzalez, Jose Fernando"]
[Result "0-1"]
[WhiteElo "2240"]
[BlackElo "2164"]
[PlyCount "150"]
[EventDate "2025.05.06"]
[EventType "swiss (blitz)"]
[EventRounds "11"]
[EventCountry "USA"]
[SourceTitle "CB20_2025"]
[SourceDate "2025.05.14"]
[SourceVersion "1"]
[SourceVersionDate "2025.05.14"]
[SourceQuality "1"]

1. d4 Nf6 2. c4 c5 3. Nf3 cxd4 4. Nxd4 e5 5. Nb3 Nc6 6. Nc3 Bb4 7. Bd2 0-0 8. g3 d6 9. Bg2 Bg4 10. 0-0 Rb8 11. a3 Ba5 12. Be1 Bb6 13. Nb5 Ne8 14. h3 Bh5 15. Qd3 Bg6 16. e4 a6 17. Nc3 Nd4 18. Nxd4 Bxd4 19. Rd1 f5 20. b3 f4 21. Ne2 Ba7 22. Bb4 Qf6 23. Nc3 f3 24. Bh1 Qg5 25. Kh2 Bd4 26. Bxf3 Nf6 27. Bg2 Qh5 28. Qe2 Qh6 29. Nb1 Bh5 30. f3 Bf7 31. Bd2 Qg6 32. Be3 Nh5 33. Bxd4 Qxg3+ 34. Kg1 exd4 35. Qf2 Qg6 36. Qxd4 Nf4 37. Rf2 Nxh3+ 38. Kf1 Nxf2 39. Qxf2 b5 40. cxb5 Bxb3 41. Rc1 axb5 42. Nd2 Be6 43. Rc7 Rfc8 44. Qa7 Rxc7 45. Qxb8+ Rc8 46. Qxb5 Qh6 47. Qd3 Qf6 48. Kf2 Qb2 49. Qxd6 Kf7 50. Kg3 Qb8 51. Qxb8 Rxb8 52. f4 Rb2 53. Nf3 Rb3 54. Kf2 Rxa3 55. Ng5+ Ke7 56. Nxh7 Bc8 57. Ng5 Kf6 58. e5+ Kg6 59. Bf3 Ra2+ 60. Kg3 Ra3 61. Kf2 Ra2+ 62. Kg3 Bf5 63. Bg2 Ra3+ 64. Kf2 Kh5 65. Bf3+ Bg4 66. Bg2 Ra2+ 67. Kg3 Ra3+ 68. Kf2 Bd1 69. Be4 Kg4 70. Ne6 Bb3 71. Nxg7 Kxf4 72. Bf3 Ra2+ 73. Be2 Bc4 74. Nh5+ Kxe5 75. Ng3 Kf4 0-1

[Event "Titled Tuesday intern op 06th May Early"]
[Site "Chess.com INT"]
[Date "2025.05.06"]
[Round "7"]
[White "Kulnev, Aleksandr"]
[Black "Mata Gonzalez, Jose Fernando"]
[Result "1-0"]
[WhiteElo "2213"]
[BlackElo "2164"]
[PlyCount "51"]
[EventDate "2025.05.06"]
[EventType "swiss (blitz)"]
[EventRounds "11"]
[EventCountry "USA"]
[SourceTitle "CB20_2025"]
[SourceDate "2025.05.14"]
[SourceVersion "1"]
[SourceVersionDate "2025.05.14"]
[SourceQuality "1"]

1. d4 Nf6 2. c4 c5 3. d5 b5 4. cxb5 a6 5. e3 axb5 6. Bxb5 Ba6 7. Bxa6 Nxa6 8. Nc3 g6 9. Nf3 Bg7 10. 0-0 0-0 11. e4 d6 12. a4 Ng4 13. Bf4 c4 14. h3 Ne5 15. Nxe5 Bxe5 16. Bxe5 dxe5 17. Nb5 Nc5 18. Qc2 Nb3 19. Ra3 Qc8 20. d6 Qc5 21. dxe7 Rfc8 22. e8Q+ Rxe8 23. Rxb3 Rxa4 24. Na3 Rc8 25. Rc3 Qd4 26. Qxa4 1-0

[Event "Titled Tuesday intern op 06th May Early"]
[Site "Chess.com INT"]
[Date "2025.05.06"]
[Round "3"]
[White "Mata Gonzalez, Jose Fernando"]
[Black "Kalyani, Sirin"]
[Result "0-1"]
[WhiteElo "2164"]
[BlackElo "2136"]
[PlyCount "86"]
[EventDate "2025.05.06"]
[EventType "swiss (blitz)"]
[EventRounds "11"]
[EventCountry "USA"]
[SourceTitle "CB20_2025"]
[SourceDate "2025.05.14"]
[SourceVersion "1"]
[SourceVersionDate "2025.05.14"]
[SourceQuality "1"]

1. e4 c5 2. d4 cxd4 3. c3 d5 4. exd5 Nf6 5. Nf3 Qxd5 6. cxd4 Bg4 7. Nc3 Qd8 8. Bc4 e6 9. Bg5 Be7 10. Bxf6 Bxf6 11. Bb5+ Nd7 12. Qa4 Bxf3 13. gxf3 a6 14. Be2 0-0 15. 0-0 Nb6 16. Qc2 Bxd4 17. Rad1 Qg5+ 18. Kh1 Rad8 19. Rg1 Qh6 20. Rg4 Bxf2 21. Bd3 Be3 22. Qg2 Bf4 23. Ne2 Nd5 24. Nxf4 Nxf4 25. Qf1 Rd5 26. Be4 Rxd1 27. Qxd1 f5 28. Rxf4 Qxf4 29. Bxb7 Qc7 30. Bxa6 Rd8 31. Qe1 Qc6 32. Be2 e5 33. b3 e4 34. Kg1 exf3 35. Bc4+ Kh8 36. Qe7 Qb6+ 37. Kf1 Rd1+ 38. Qe1 Rxe1+ 39. Kxe1 Qg1+ 40. Kd2 f2 41. a4 f1Q 42. Bxf1 Qxf1 43. b4 f4 0-1

[Event "Titled Tuesday intern op 06th May Early"]
[Site "Chess.com INT"]
[Date "2025.05.06"]
[Round "6"]
[White "Mata Gonzalez, Jose Fernando"]
[Black "Shafer, Logan Clark"]
[Result "0-1"]
[WhiteElo "2164"]
[BlackElo "2291"]
[PlyCount "110"]
[EventDate "2025.05.06"]
[EventType "swiss (blitz)"]
[EventRounds "11"]
[EventCountry "USA"]
[SourceTitle "CB20_2025"]
[SourceDate "2025.05.14"]
[SourceVersion "1"]
[SourceVersionDate "2025.05.14"]
[SourceQuality "1"]

1. e4 c5 2. d4 cxd4 3. c3 Nf6 4. e5 Nd5 5. cxd4 d6 6. exd6 e6 7. Nc3 Nxc3 8. bxc3 Bxd6 9. Nf3 0-0 10. Bd3 Nc6 11. h4 e5 12. d5 e4 13. Bxe4 Re8 14. dxc6 Rxe4+ 15. Be3 bxc6 16. Qd3 Bf5 17. g4 Rxe3+ 18. Qxe3 Qd7 19. Ne5 Bxe5 20. gxf5 Re8 21. Kf1 Qxf5 22. Rd1 Rb8 23. Qg5 Qxg5 24. hxg5 g6 25. Rh3 Rb2 26. Re3 Bf4 27. Re8+ Kg7 28. Rd7 Bxg5 29. Rxa7 Bf6 30. Rc8 Be5 31. Rxc6 h5 32. Re6 Bxc3 33. Ree7 h4 34. Rxf7+ Kh6 35. Rh7+ Kg5 36. Ra3 Bd4 37. Ra5+ Kg4 38. Ra4 Rxf2+ 39. Ke1 Rf4 40. Re7 Bf2+ 41. Ke2 Rxa4 42. Kxf2 Rxa2+ 43. Ke3 h3 44. Re6 g5 45. Re4+ Kg3 46. Re5 g4 47. Ke4 h2 48. Kf5 Rf2+ 49. Kg5 h1Q 50. Re3+ Rf3 51. Re2 Rf5+ 52. Kg6 Qf3 53. Kg7 Qxe2 54. Kh7 Ra5 55. Kh8 Qe7 0-1